Movies Quiz

Random Movies or Translation Quiz

Movies in Latin Quiz Stats

 Plays Quiz Updated Dec 27, 2014

Also try: Novels in Latin
Challenge
Share
Tweet
Embed
Score 0/40 Timer 10:00
1 Play Today
Latin name English name % Correct
Taurus RabidusRaging Bull
66.1%
Societas Poetarum Mortuorum Dead Poets Society
63.4%
Silentia AgnorumSilence of the Lambs
60.9%
Nihil Novum Est in Fronte OccidentaleAll Quiet on the Western Front
52.1%
Est Vita MirabilisIt's a Wonderful Life
51.7%
Qui Saltat cum LupisDances with Wolves
48.5%
PatrinusThe Godfather
43.4%
Ultimus ImperatorThe Last Emperor
42.1%
Circuitatio Orbis Octoginta DiebusAround the World in Eighty Days
40.3%
Ortus NationisBirth of a Nation
40%
Abaci VentoGone with the Wind
38.9%
Bella StellariaStar Wars
38.2%
In Pluvio CantoSingin' in the Rain
35.4%
Unus Super Nidum Cuculi VolavitOne Flew Over the Cuckoo's Nest
34%
Patria Viris Senecibus non est No Country for Old Men
33.1%
LacMilk
30.5%
Uvae IraeThe Grapes of Wrath
30%
Conexus GallicusThe French Connection
28.6%
MaxillaeJaws
28.3%
Fenestra in CavaediumRear Window
27.9%
Latin name English name % Correct
Dominus AnulorumThe Lord of the Rings
26.9%
Leo HiemeThe Lion in Winter
21.9%
Ignis CurrusChariots of Fire
17%
Venator CervorumThe Deer Hunter
15.7%
IngensTitanic
15.7%
Praedatores Arcae OblitaeRaiders of the Lost Ark
15%
Cor AnimosusBraveheart
15%
Aurantium MechanicumA Clockwork Orange
14.8%
SursumUp
11.6%
Interficere MocherumTo Kill a Mockingbird
10.2%
In NavalibusOn the Waterfront
10%
Fabula CrepundiorumToy Story
9.3%
ProfugaThe Fugitive
8.7%
Haud IgnoscendumUnforgiven
6.2%
Ratio ac AnimusSense and Sensibility
5.8%
Accipiter MelitanusThe Maltese Falcon
5.6%
Aleatorium RegalisCasino Royale
5%
Anatis SorbitioDuck Soup
5%
Vicus SinorumChinatown
4.9%
Furor VivendiRebel without a Cause
2.7%

You're not logged in!

Compare scores with friends on all Sporcle quizzes.
OR
Log In

You Might Also Like...

Show Comments

Extras

Top Quizzes Today


Score Distribution

Your Account Isn't Verified!

In order to create a playlist on Sporcle, you need to verify the email address you used during registration. Go to your Sporcle Settings to finish the process.

Report this User

Report this user for behavior that violates our Community Guidelines.

Details: